000 00670nam a22002297a 4500
005 20250721113438.0
008 231025b ||||| |||| 00| 0 eng d
020 _a9789358405323
040 _cAL
041 _aEnglish
082 _223
_a657.45
_bAPPP
100 _aH R Appannaiah and others
_9219535
245 _aPrinciples and Practice of Auditing
260 _aMumbai
_bHimalaya Publishing House
_c2023
300 _a256 p.
_bPB
_c24x18 cm.
365 _a5578
_b₹212.00
_c
_d₹265.00
_e20%
_f13-10-2023
650 _aV SEM Bcom
_9139325
650 _aNEP
_9139326
700 _aAppannaiah, H R
_9139327
700 _aBhaskar, H A
_9139328
942 _2ddc
_cBK
999 _c229015
_d229015